LEADER 01144nam a2200301 a 4500 001 000000149765 003 CaOOAMICUS 005 20160226091132.0 008 160226s1979 fr u000 u fre r 020 $a2-02-005312-2* 032 $aLibriCat 040 $aPUL$bita 100 1 $aLéon-Dufour, Xavier,$cS.I.$0(OLS)http://pul/name/10424 245 10$aFace à la mort Jésus et Paul /$cXavier Léon-Dufour, S.J. 260 $aParis :$bÉditions du Seuil,$c©1979. 300 $a317 p. ;$c21 cm. 490 1 $aParole de Dieu 500 $aInclude indici. 504 $aBibliografia in nota. 650 4$aMorte$xAspetti religiosi.$0(OLS)http://pul/subject/4358 830 0$aParole de Dieu.$0(OLS)http://pul/title/15496 850 $aPUL 852 $aPUL$W1$xDP1 Fondo Bordoni$y120$m3 J 40$j167489$qFondi$B174111$CPULBib$Z2$F174111 $HBor1960 $81 941 1 $a1 996 $6020$a2-02-005312-2*$9(OLS)http://pul/number/159865 996 $6245$aFace à la mort Jésus et Paul$9(OLS)http://pul/title/188794 996 $6260$aParis :$bÉditions du Seuil$9(OLS)http://pul/publisher/54032 LEADER 01137nam a2200277 a 4500 001 000000168408 003 CaOOAMICUS 005 20180620130849.0 008 180620s2003 it a u000 u ita r 032 $aLibriCat 040 $aPUL$bita 041 1 $aita$heng 100 1 $aFo, Dario.$0(OLS)http://pul/name/64204 245 10$aMistero buffo : $bgiullarata popolare /$cDario Fo ; a cura di Franca ; prefazione Franco Cordelli. 260 $aMilano :$bRCS Editori,$c©2003. 300 $a418 p. :$bill. ;$c22 cm. 490 1 $aI Grandi romanzi italiani ;$v31 700 1 $aRame, Franca.$0(OLS)http://pul/name/108459 700 1 $aCordelli, Franco.$0(OLS)http://pul/name/78682 830 2$aI Grandi romanzi italiani (Corriere della Sera) ;$v31.$0(OLS)http://pul/title/208764 850 $aPUL 852 $aPUL$W1$xDP1 Fondo Dalla Palma$y117$m8 A 58$j163432$qFondi$B196310$CPULBib$Z2$F196310 $HDal13 $81 941 1 $a1 996 $6245$aMistero buffo : $bgiullarata popolare$9(OLS)http://pul/title/208763 996 $6260$aMilano :$bRCS Editori$9(OLS)http://pul/publisher/82523